000 00650nam a2200253Ia 4500
005 20260121114244.0
008 008 260114s9999 xx 000 0 eng d
020 _a9781119441977
037 _aEBOOK
040 _aCRL
040 _beng
040 _cCRL
041 _2eng
041 _aeng
084 _qCRL
100 _aDan Tammas-Hastings
_9972746
245 0 _aLiability-Driven Investment - From Analogue to Digital, Pensions to Robo-Advice
260 _bWiley
260 _c2021
856 _uhttps://onlinelibrary.wiley.com/doi/book/10.1002/9781119441977
942 _cEBOOK
999 _c1552000
_d1552000